000 00833nam a2200253 i 4500
001 000049143
003 DO-SdBNP
005 20231204075332.0
007 ta
008 190723e1986 dr r 000 0 spa d
040 _aDO-SdBNP
_bspa
_cBNPHU
_erda
082 4 _222
_bI59s
245 0 0 _aInstrucción sobre libertad cristiana y liberación :
_b(Segunda Instrucción Vaticana sobre la Teología de la Liberación). /
264 _aSanto Domingo :
_bEdiciones MSC,
_c1986.
300 _a63 páginas ;
_c22 cm.
336 _2rdacontent
_atexto
_btxt
337 _2rdamedia
_asin mediación
_bn
338 _2rdacarrier
_avolumen
_bnc
490 _aDocumentos ;
_v3
500 _aNotas bibliográficas, p. 59-63
590 _aInventariado, 2023 / MF
830 0 _aCongregación para la Doctrina de la Fe
_946535
942 _2ddc
_cLBS1
999 _c48631
_d48631